[Event "Niedersachsen-ch U18 Girls"]
[Site "Rotenburg"]
[Date "2012.04.04"]
[Round "6"]
[White "Boschen, Katharina"]
[Black "Schwarz, Melina"]
[Result "1-0"]
[WhiteElo "859"]
[BlackElo "772"]
[PlyCount "41"]
[EventDate "2012.03.31"]
[EventType "swiss"]
[EventRounds "9"]
[EventCountry "GER"]
[SourceTitle "EXT 2015"]
[Source "ChessBase"]
[SourceDate "2014.11.20"]
[SourceVersion "1"]
[SourceVersionDate "2014.11.20"]
[SourceQuality "1"]

1. e4 e5 2. Nf3 Nc6 3. d4 exd4 4. Nxd4 Bc5 5. Be3 Qf6 6. c3 Nge7 7. Bc4 0-0 8. 0-0 Bb6 9. Nd2 d6 10. Qf3 Qxf3 11. N2xf3 Bg4 12. Nxc6 Nxc6 13. Bxb6 axb6 14. Nd4 Nxd4 15. cxd4 Rfe8 16. f3 Be6 17. Bxe6 Rxe6 18. d5 Rg6 19. Rac1 Rxa2 20. Rxc7 Rxb2 21. Rc8# 1-0

[Event "Niedersachsen-ch U18 Girls"]
[Site "Rotenburg"]
[Date "2012.03.31"]
[Round "1"]
[White "Schwarz, Melina"]
[Black "Dannenberg, Nicole"]
[Result "0-1"]
[WhiteElo "772"]
[BlackElo "1078"]
[PlyCount "86"]
[EventDate "2012.03.31"]
[EventType "swiss"]
[EventRounds "9"]
[EventCountry "GER"]
[SourceTitle "EXT 2015"]
[Source "ChessBase"]
[SourceDate "2014.11.20"]
[SourceVersion "1"]
[SourceVersionDate "2014.11.20"]
[SourceQuality "1"]

1. e4 e6 2. Nf3 d5 3. Nc3 dxe4 4. Nxe4 Nd7 5. Bb5 c6 6. Bc4 Ngf6 7. d3 Nc5 8. Nxc5 Bxc5 9. Be3 Bd6 10. Bd4 b6 11. Bxf6 Qxf6 12. 0-0 Qxb2 13. Rb1 Qf6 14. Re1 0-0 15. h3 Bb7 16. Re4 c5 17. Rg4 Rad8 18. d4 Bc7 19. c3 e5 20. Rb2 exd4 21. cxd4 cxd4 22. Nxd4 h5 23. Rg3 Bxg3 24. fxg3 Rxd4 25. Qc1 Rc8 26. Rc2 Rc5 27. a4 Qc6 28. Bxf7+ Kxf7 29. Qf1+ Kg8 30. Rf2 Rc1 31. Qxc1 Qxc1+ 32. Rf1 Rd1 33. Rxd1 Qxd1+ 34. Kf2 Qd3 35. g4 hxg4 36. hxg4 g5 37. g3 Qf3+ 38. Ke1 Qg2 39. Kd1 Be4 40. a5 bxa5 41. Ke1 Bd3 42. Kd1 Qe2+ 43. Kc1 Qc2# 0-1